• 首页
  • 本馆介绍
  • 公告通知
  • 最新文献
  • 馆藏检索
  • 电子资源
  • 读者导购
  • 参考咨询
  • 我的图书馆
  • 登录
  • 详细信息显示
  • 放入我的书架
  • 预约/预借图书
  • 作者相关作品
  • 分类相关作品
  • 丛书相关作品
  • 出版社相关作品

书目信息

  • 表格格式
  • 工作单格式
  • 卡片格式
题名:
元曲释词
    
 
作者: 顾学颉 , 王学奇 著
分册: 一  
出版信息: 北京   中国社会科学出版社  1983
页数: 707页
开本: 21cm
丛书名:
单 册:
中图分类: H134
科图分类:
主题词: 汉语--语义 , 训诂 , 汉语--语义学 , 汉语--词汇
电子资源:
ISBN:
000 00641nam0 2200253 45
001 0211281542
005 20060419093947.39
010    @dCNY3.20
091    @a10190.150
100    @a20021128d1983 km y0chiy0120 ea
101 0  @achi
105    @a z 000gy
200 1  @a元曲释词@AYuan Qu Shi Ci@h一@f顾学颉,王学奇著@FGu Xue Jie,Wang Xue Qi Zhu
210    @a北京@c中国社会科学出版社@d1983
215    @a707页@d21cm
606 0  @a汉语@x语义
606 0  @a训诂
606 0  @a汉语@x语义学
606 0  @a汉语@x词汇
690    @aH134@v3
701  0 @a顾学颉@4著
701  0 @a王学奇@4著
801    @aCN@bTSTC@c20060419
905    @dH134@e72:1
    
    元曲释词.一/顾学颉,王学奇著.-北京:中国社会科学出版社,1983
    707页;21cm
    
    
    ISBN :CNY3.20
    
●
相关链接 在E读中查询图书 在五车中查询图书 在当当中查询图书 在豆瓣中查询图书


正题名:元曲释词     索取号:H134/72:1         预约/预借

序号 登录号 条形码 馆藏地/架位号 状态 备注
1 0121324   202272101   密集书库/ [索取号:H134/72:1] 在馆    
2 0121325   202272218   密集书库/ [索取号:H134/72:1] 在馆    
3 0121326   000198486   密集书库/ [索取号:H134/72:1] 在馆    
4 0121327   000198271   密集书库/ [索取号:H134/72:1] 在馆    
5 0121328   001845702   密集书库/ [索取号:H134/72:1] 在馆    
6 0244847   000838231   第四借阅区/ [索取号:H134/72:1] 在馆    
7 0244848   001747202   密集书库/ [索取号:H134/72:1] 在馆    
8 0244849   202074129   第二样本阅览室/ [索取号:H134/72:1] 在馆    
唐山师范学院图书馆 欢迎您!
大连网信软件有限公司© 版权所有